Welcome to WEB OPAC of MRSPTU Central Library

Fluid mechanics and machinery (Record no. 4901)

MARC details
000 -LEADER
fixed length control field 00398nam a2200157Ia 4500
008 - FIXED-LENGTH DATA ELEMENTS--GENERAL INFORMATION
fixed length control field 230711s9999||||xx |||||||||||||| ||und||
041 ## - LANGUAGE CODE
Language code of text/sound track or separate title ENG
082 ## - DEWEY DECIMAL CLASSIFICATION NUMBER
Classification number 620
Item number RA-F
100 ## - MAIN ENTRY--PERSONAL NAME
Personal name Durgaiah,Rama
245 #0 - TITLE STATEMENT
Title Fluid mechanics and machinery
250 ## - EDITION STATEMENT
Edition statement 1st . Ed.
260 ## - PUBLICATION, DISTRIBUTION, ETC.
Date of publication, distribution, etc. 2007
Place of publication, distribution, etc. New Delhi
Name of publisher, distributor, etc. New Age International Publishers
300 ## - PHYSICAL DESCRIPTION
Extent 884
650 ## - SUBJECT ADDED ENTRY--TOPICAL TERM
Topical term or geographic name entry element Mechanical Engineering
942 ## - ADDED ENTRY ELEMENTS (KOHA)
Koha item type Book
Holdings
Withdrawn status Lost status Damaged status Not for loan Collection Home library Current library Date acquired Total checkouts Full call number Barcode Date last seen Price effective from Koha item type Date last checked out
          MRSPTU Central Library MRSPTU Central Library     620 RA-F 17576 08/17/2023 08/17/2023 Book  
          MRSPTU Central Library MRSPTU Central Library   2 620 RA-F 17577 06/05/2025 08/17/2023 Book 05/14/2025
          MRSPTU Central Library MRSPTU Central Library     620 RA-F 17578 08/17/2023 08/17/2023 Book  
          MRSPTU Central Library MRSPTU Central Library     620 RA-F 17579 08/17/2023 08/17/2023 Book  
          MRSPTU Central Library MRSPTU Central Library     620 RA-F 17580 08/17/2023 08/17/2023 Book  
          MRSPTU Central Library MRSPTU Central Library     620 RA-F 17581 08/17/2023 08/17/2023 Book  
          MRSPTU Central Library MRSPTU Central Library     620 RA-F 17582 08/17/2023 08/17/2023 Book  
          MRSPTU Central Library MRSPTU Central Library     620 RA-F 17583 08/17/2023 08/17/2023 Book  
          MRSPTU Central Library MRSPTU Central Library     620 RA-F 17584 08/17/2023 08/17/2023 Book  
          MRSPTU Central Library MRSPTU Central Library     620 RA-F 17585 08/17/2023 08/17/2023 Book  

Website Designed and Developed by MRSPTU Central Library Team

E-mail Id: librarian@mrsptu.ac.in